Statistics for Countries With The Lowest Life Expectancy With Exceptions

Click here to take the quiz!

General Stats

  • This quiz has been taken 42 times
    (29 since last reset)
  • The average score is 22 of 30

Answer Stats

YearsCountry% Correct
65.9Afghanistan
96%
71.0Iraq
96%
70.4India
84%
70.6Cambodia
80%
64.9Haiti
80%
71.9Kyrgyzstan
80%
67.8Pakistan
80%
71.7Tajikistan
80%
68.6Turkmenistan
80%
72.1Uzbekistan
80%
66.4Yemen
80%
72.7Bhutan
76%
72.3Indonesia
76%
68.8Laos
76%
67.7Myanmar
76%
71.5Nepal
76%
65.2Papua New Guinea
76%
72.3Ukraine
76%
67.9Fiji
72%
70.9Vanuatu
72%
72.2Moldova
68%
70.5Mongolia
68%
71.2Guyana
64%
72.5Suriname
64%
72.5Venezuela
64%
69.1Kiribati
60%
71.3Tonga
60%
70.1East Timor
56%
68.2FS Micronesia
56%
71.6Philippines
56%

Score Distribution

Percentile by Number Answered

Percent of People with Each Score

Your Score History

You have not taken this quiz since the last reset